| 000 | 00794cas a22002295a 4500 | ||
|---|---|---|---|
| 001 | L130991 | ||
| 008 | 050920d19561983xxkbr p 0 a0eng u | ||
| 035 | _a(Sirsi) u130991 | ||
| 041 | 0 | _aeng | |
| 110 | 2 |
_aInstitute of Quantity Surveyors _92491 |
|
| 245 | 0 | 0 |
_aQuantity Surveyor _bThe Journal of the Institute of Quantity Surveyors |
| 260 |
_aLondon _bIQS _c1956-1983 |
||
| 362 | _a13(1) July/August 1956-38(14) February 1983 | ||
| 362 | 0 | _a13(5) March/April 1957-38(13) January 1983 | |
| 362 | 0 | _a13(6) May/June 1957-35(4) December 1978 (incomplete holdings) | |
| 554 | _aSix per year | ||
| 651 | 4 |
_aUnited Kingdom _y |
|
| 690 |
_aQuantity surveying _96263 |
||
| 780 | 0 | 0 | _tThe Journal of the Institute of Quantity Surveyors |
| 785 | 0 | 0 | _tThe Chartered Quantity Surveyor |
| 942 | _n0 | ||
| 999 |
_c118831 _d118831 |
||